000 00665nam a22002297a 4500
003 BCEG
005 20260327135318.0
008 260327s2019 mx a||||||||||||||||spa d
020 _a9786078577064
040 _aBCEG
_bspa
_cBCEG
082 0 4 _aI398.2454
_bM212g
100 1 _aMagrin, Federica,
_d1978-.
245 1 0 _aGran libro de dragones.
260 _aCiudad de México :
_bHiperlibro,
_c2019.
300 _a63 p. :
_bil.
535 _aDisponible en la colección infantil de 7-9 años.
541 _aCompra.
650 1 4 _aDragones
_vLibros ilustrados para niños.
650 1 4 _aCuentos infantiles italianos.
700 1 _aLáng, Anna,
_eil.
942 _cBK
999 _c437152
_d437152